All Zagreb local councils - Statistics

General Stats
  • This quiz has been taken 231 times
    225 since last reset
  • The average score is 55 of 218
Answers on the Map
Answers color-coded by a green-red scale on the quiz's map according to % correct below.
 
Answer Stats
Answer % Correct
Maksimir
82%
Jarun
75%
Dugave
73%
Prečko
72%
Trnje
72%
Dubrava - središte
71%
Vrapče - centar
69%
Zapruđe
67%
Kajzerica
66%
Peščenica
65%
Travno
65%
Trnsko
65%
Knežija
63%
Sveta Klara
63%
Utrine
63%
Žitnjak
63%
Gornja Dubrava
62%
Siget
62%
Sopot
62%
Donja Dubrava
61%
Gornji grad
61%
Lanište
61%
Dubec
60%
Podsused
60%
Brezovica
59%
Centar
59%
Središće
58%
Gajnice
57%
Vrbik
57%
Vrbani
56%
Rudeš
55%
Markuševec
54%
Botinec
53%
Jakuševec
53%
Lučko
52%
Buzin
51%
Remetinec
51%
Folnegovićevo naselje
50%
Horvati
50%
Sloboština
50%
Blato
49%
Cvjetno naselje
49%
Kustošija - centar
49%
Medveščak
49%
Savski gaj
49%
Gračani
47%
Malešnica
47%
Ferenščica
45%
Kozari Bok
44%
Šestine
43%
Odra
42%
Remete
42%
Ljubljanica
41%
"Sveti Duh"
41%
Trnava
41%
Sesvetski Kraljevec
40%
Šalata
39%
Bukovac
38%
"Eugen Kvaternik"
37%
Ivanja Reka
36%
Tuškanac
36%
Martinovka
35%
Vukomerec
35%
Ribnjak
34%
Sigečica
33%
Studentski grad
33%
Jelkovec
32%
Volovčica
32%
Čulinec
31%
Gornje Vrapče
31%
Kozari putevi
30%
Mala Mlaka
30%
Čučerje
29%
Donje Svetice
28%
Kašina
28%
Novi Jelkovec
28%
Resnik
28%
Zrinjevac
28%
Gornja Kustošija
27%
Kanal
27%
Savica Šanci
26%
Poljanice
25%
Trnovčica
25%
Veliko Polje
25%
Čehi
24%
Gupčeva zvijezda
24%
Hrelić
24%
Stara Trešnjevka
24%
Hrvatski Leskovac
23%
Miroševec
23%
Petrova
23%
Staro Trnje
23%
Mlinovi
22%
"Stjepan Radić"
22%
Trnjanska Savica
22%
Donja Kustošija
21%
Klaka
21%
"Marin Držić"
21%
Gajevo
20%
"Kralj Zvonimir"
20%
Petruševec
20%
Dankovec
19%
Kraljevec
19%
Luka
19%
Odranski Obrež
19%
Sesvetska Sopnica
19%
Soblinec
18%
Adamovec
17%
Dumovec
17%
Hrašće
17%
Ježdovec
17%
Nova Ves
17%
Planina Donja
17%
Planina Gornja
17%
Sesvetska Sela
17%
Cvjetni trg
16%
"Dr. Ante Starčević"
16%
Granešina
16%
Medvedgrad
16%
Špansko - jug
16%
Špansko - sjever
16%
Gornji Stenjevec
15%
"Janko Matko"
15%
Kupinečki Kraljevec - centar
15%
Kupinečki Kraljevec I.
15%
Kupinečki Kraljevec II.
15%
Veslačko naselje
15%
"August Šenoa"
14%
Maksimirska naselja
14%
Demerje
13%
Dobri Dol
13%
Dragonožec
13%
"Ivan Mažuranić"
13%
"Mimara"
13%
Miramare
13%
Novi Retkovec
13%
"Petar Krešimir IV."
13%
"Silvije Strahimir Kranjčević"
13%
Vugrovec
13%
Dotrščina
12%
Popovec
12%
Vidovec
12%
Belovar
11%
Ciglenica
11%
"Knez Mislav"
11%
"Nikola Tesla"
11%
Novo Brestje
11%
"Pavao Šubić"
11%
Pongračevo
11%
Ružmarinka
11%
Stari Retkovec
11%
Stenjevec - jug
11%
Stenjevec - sjever
11%
Cerje - Sesvete
10%
"Kralj Petar Svačić"
10%
Novoselec
10%
Jelenovac
9%
Kobiljak
9%
Lužan
9%
"Nadbiskup Antun Bauer"
9%
"Petar Zrinski"
9%
Savski kuti
9%
Staro Brestje
9%
Voćarska
9%
"30. svibnja 1990."
8%
"Antun Mihanović"
8%
Borongaj - Lugovi
8%
Cvjetnica
8%
Kozjak
8%
"Matko Laginja"
8%
Vrapče - jug
8%
"August Cesarec"
7%
Blaguša
7%
"Bruno Bušić"
7%
Horvati - Srednjaci
7%
"Hrvatski narodni vladari"
7%
Kraljevečki Novaki
7%
Mašićeva
7%
Moravče
7%
Oporovec
7%
Resnički gaj
7%
Sesvetska Selnica
7%
Trpuci
7%
Zeleni brijeg
7%
"Andrija Medulić"
6%
Goranec
6%
Lipnica
6%
Prepuštovec
6%
"Ban Keglević"
5%
"Bartol Kašić"
5%
Budenec
5%
Dobrodol
5%
Glavnica Gornja
5%
Granešinski Novaki
5%
"Ivan Kukuljević - Sakcinski"
5%
Prekvršje
5%
Šašinovec
5%
Žerjavinec
5%
Havidići
4%
Odranski Strmec
4%
Branovec - Jalševec
3%
Gajec
3%
Glavnica Donja
3%
Glavničica
3%
Jesenovec
3%
Perjavica - Borčec
3%
"Samoborček"
3%
Šestinski dol - Vrhovec
3%
Šimunčevec
3%
Vugrovec Gornji
3%
"Dinko Šimunović"
2%
Kašinska Sopnica
2%
Drenčec
1%
Đurđekovec
1%
Gajišće
1%
Kučilovina
1%
Paruževina
1%
Vurnovec
1%
No matching quizzes found
Score Distribution
Percent of People with Each Score
Percentile by Number Answered
Your Score History
You have not taken this quiz since the last reset